British History by Letter - N - Statistics

General Stats
  • This quiz has been taken 712 times
  • The average score is 6 of 8
Answer Stats
Hint Answer % Correct
English physicist and mathematician who first attempted to define the law of universal gravitation Isaac Newton
98%
Group of people from Northern France that successfully conquered England Norman
96%
Founder of modern professional nursing, nicknamed 'The Lady with the Lamp' Florence Nightingale
94%
British Naval officer fatally shot shortly before his victory at the Battle of Trafalgar Admiral Horatio Nelson
93%
State institution founded in 1948 by then Minister for Health, Aneurin Bevan National Health Service
78%
Anglo-Saxon kingdom of England Northumbria
45%
Standing army formed during the English Civil War that would later support Oliver Cromwell as Lord Protector New Model Army
29%
Sir Thomas Fairfax led the parliamentarians to victory during this crucial battle of the English Civil War Battle of Naseby
23%
No matching quizzes found
Score Distribution
Percent of People with Each Score
Percentile by Number Answered
Your Score History
You have not taken this quiz